000 00701nam a2200193Ia 4500
003 GCL
008 140319s9999 xx 000 0 ara d
040 _aGCL /
_cGCL
082 0 4 _a320.54
_bم ى
100 1 _aمركز دراسات الوحدة العربية
245 1 0 _aيوميات ووثائق الوحدة العربية(-1979 ) /
_cمركز دراسات الوحدة العربية
260 _a[S.N] :
_bمركز دراسات الوحدة العربية ،
_c1982
300 _a736 ص
490 _a
650 0 4 _aالوحدة العربية
650 0 4 _aالببليوجرافيات الموضوعية
650 0 4 _aالببليوجرافيات القومية
942 _2ddc
_cBK
999 _c35319
_d35319